000 00927cam a22003135a 4500
001 1077463
003 OSt
005 20140310182046.0
008 910523s1991 maua 001 0 eng
010 _a 91155495
020 _a0316250163
040 _aDLC
_cDLC
043 _ae-it---
050 0 0 _aDG 672
_b.P825 1991
082 _aHS 945
_bPO75 1991
100 1 _aPocock, Tom.
_911610
245 1 0 _aEssential Venice /
_cby Tom Pocock.
250 _a1st U.S. ed.
260 _aBoston :
_bLittle, Brown,
_cc1991.
300 _a128 p. :
_bcol. ill. ;
_c20 cm.
440 4 _aThe Essential travel guide series
_911611
500 _aIncludes index.
651 0 _aVenice (Italy)
_xGuidebooks.
_911612
906 _a7
_bcbu
_corignew
_d2
_encip
_f19
_gy-gencatlg
942 _2lcc
_cHS
999 _c8879
_d8879